书目信息 |
| 题名: |
大学俄语词汇升级训练
|
|
| 作者: | 陈国亭 主编 | |
| 分册: | 5~6级 | |
| 出版信息: | 哈尔滨 哈尔滨工业大学出版社 2006.01 |
|
| 页数: | 403页 | |
| 开本: | 21cm | |
| 丛书名: | ||
| 单 册: | ||
| 中图分类: | H353.1 | |
| 科图分类: | ||
| 主题词: | 俄语--e yu--词汇--高等学校--教学参考资料 | |
| 电子资源: | ||
| ISBN: | 7-5603-2308-1 | |
| 000 | 00767nam0 2200217 450 | |
| 001 | 012006785574 | |
| 005 | 20070604102704.29 | |
| 010 | @a7-5603-2308-1@dCNY20.00 | |
| 100 | @a20061224d2006 km y0chiy0120 ea | |
| 101 | 0 | @achi@arus |
| 102 | @aCN@b230000 | |
| 105 | @ay q 000yy | |
| 200 | 1 | @a大学俄语词汇升级训练@Ada xue e yu ci hui sheng ji xun lian@i5~6级@f陈国亭主编@Fchen guo ting zhu bian |
| 210 | @a哈尔滨@c哈尔滨工业大学出版社@d2006.01 | |
| 215 | @a403页@d21cm | |
| 330 | @a本书为适应广大公外俄语生考研备考的需要,而专门编写的。主要内容有:名词部分,形容词部分、动词部分等。 | |
| 606 | 0 | @a俄语@Ae yu@x词汇@x高等学校@j教学参考资料 |
| 690 | @aH353.1@v4 | |
| 701 | 0 | @a陈国亭@Achen guo ting@4主编 |
| 801 | 0 | @aCN@c20070604 |
| 905 | @b233222-24@dH353.1@eC426 | |
| 大学俄语词汇升级训练.5~6级/陈国亭主编.-哈尔滨:哈尔滨工业大学出版社,2006.01 |
| 403页;21cm |
| ISBN 7-5603-2308-1:CNY20.00 |
| 本书为适应广大公外俄语生考研备考的需要,而专门编写的。主要内容有:名词部分,形容词部分、动词部分等。 |
| ● |
| 相关链接 |
|
|
|
正题名:大学俄语词汇升级训练
索取号:H353.1/C426
 
预约/预借
| 序号 | 登录号 | 条形码 | 馆藏地/架位号 | 状态 | 备注 |
| 1 | 233222 | 202332225 | 语言库209/209语言库 122排1列2层/ [索取号:H353.1/C426] | 在馆 | |
| 2 | 233223 | 202332234 | 语言库209/209语言库 122排1列2层/ [索取号:H353.1/C426] | 在馆 | |
| 3 | 233224 | 202332243 | 语言库209/209语言库 122排1列2层/ [索取号:H353.1/C426] | 在馆 |